000 00594nam a2200193 a 4500
008 960124s1973||||[C 0 slo c
040 _aSNK
_bslo
_cSNK
_eAACR2
041 1 _aslo
044 _axo
_cSK
080 _a1 DM+1 HM+3 K+3 KSSZ(049)+3 KSČ(049)(08)
100 1 _aPleva, Ján
_4ant
245 1 0 _aAntológia marxizmu-leninizmu pre postgraduálne štúdium učiteľov
_cSprac. Ján Pleva, Jozef Dzugas
250 _a1. vyd.
260 _aBratislava
_bSPN
_c1973
_eNitra
_fNitrianske tlač.
300 _a241, [1] s.
_c
700 1 _aDzugas, Jozef
_4ant
020 _c15,50
958 _aA
999 _c15475
_d15475